Представление документа в формате RUSMARC

ПолеНазваниеЗначение
  Тип записи a
  Библиографический уровень m
001 Контрольный номер RU/SLIB/B/208746297
005 Дата корректировки 20241016160830.8
010 Индекс ISBN __
d Цена 1-60
101 Язык документа 0_
a Язык текста rus
200 Заглавие и сведения об ответственности 1_
a Заглавие Педагогическое мастерство тренера
f Первые сведения об ответственности Деркач А. А.
b Общее обозначение материала Текст
210 Выходные данные 1_
a Место издания М.
c Издательство Физкультура и спорт
d Дата издания 1981
215 Физическое описание __
a Объем 375 с.
606 Тематические рубрики __
a Основная рубрика Физическая культура и спорт
606 Тематические рубрики __
a Основная рубрика Теория и методика физического воспитания
610 Ключевые слова 0_
a Ключевые слова педагогическое мастерство; тренеры; спортсмены; НОТ
686 Индексы других классификаций __
a Классификационный индекс 75.15
700 Автор _1
a Фамилия Деркач
b Имя А. А.
4 Код отношения 070
702 Вторичная интеллектуальная ответственность _1
a Фамилия Исаев
b Имя А.А.
4 Код отношения Автор
4 Код отношения 070
801 Источник записи _0
a Страна RU
b Организация Муниципальное бюджетное учреждение культуры "Централизованная библиотечная система" г. Сургут (Центральная городская библиотека им. А. С. Пушкина)
g Правила каталогизации КиК/Уланова
801 Источник записи _1
a Страна RU
b Организация Муниципальное бюджетное учреждение культуры "Централизованная библиотечная система" г. Сургут (Центральная городская библиотека им. А. С. Пушкина)
g Правила каталогизации КиК/Уланова
852 Данные о местонахождении __
j Шифр хранения 75.15
c Каталожный индекс 75.1
i Авторский знак Д 36
p Инвентарный номер 6166
901 Тип документа __
t Тип документа m
990 Данные о заказе (DOS) __
j Количество экземпляров (DOS) 1
t N записи в КСУ для И/У (DOS) 199101